Statistics for Most Common UK Last Names - Extreme

Click here to take the quiz!

General Stats

  • This quiz has been taken 8,730 times
  • The average score is 183 of 498

Answer Stats

Answer% Correct
1SSmith
90%
177JJohn
88%
460JJohns
86%
5BBrown
84%
347BBrowne
84%
155BBlack
83%
11JJohnson
83%
2JJones
82%
4WWilliams
82%
17WWhite
80%
124CCarr
79%
21GGreen
78%
28JJames
78%
389AAdam
77%
19JJackson
77%
10RRoberts
76%
6DDavies
74%
54DDavis
74%
22HHarris
74%
46AAdams
73%
77RRichards
73%
9TThomas
73%
48AAnderson
72%
134AAndrews
71%
307DDavid
71%
35HHarrison
70%
412PPeters
70%
3TTaylor
69%
16TThompson
68%
92TThomson
68%
8WWilson
68%
194DDavidson
67%
333DDavison
67%
24KKing
67%
25LLee
67%
321LLeigh
67%
125MMacdonald
66%
121MMcdonald
66%
72RRobertson
66%
31EEdwards
65%
232SStephens
65%
89SStevens
65%
32HHill
64%
362AAllan
63%
49AAllen
63%
12LLewis
63%
66RRichardson
63%
58BBaker
62%
7EEvans
62%
68GGray
62%
291PPark
62%
15WWood
62%
42CCarter
61%
34CClark
61%
27CClarke
61%
23CCooper
61%
375MMillar
61%
53MMiller
61%
137GGeorge
60%
37YYoung
60%
38MMorris
59%
43PPhillips
59%
283DDaniel
58%
26MMartin
58%
52PParker
58%
128WWest
58%
57BBell
57%
287CCharles
57%
288PPaul
57%
39HHall
56%
18WWatson
56%
135WWilliamson
56%
253DDavey
55%
93MMatthews
55%
14RRobinson
55%
13WWalker
55%
345WWall
55%
208FFord
54%
71HHunt
54%
409MMac
54%
198MMay
54%
202OOliver
54%
221SStephenson
54%
207SStevenson
54%
63CCollins
53%
307DDaniels
53%
328HHenry
53%
311HHowe
53%
33MMoore
53%
20WWright
53%
213AAlexander
52%
115GGrant
52%
95OOwen
52%
36SScott
52%
82SStewart
52%
402SStuart
52%
44MMitchell
51%
200MMorrison
51%
349RRodgers
51%
88RRogers
51%
152WWoods
51%
180BBall
50%
101CCole
50%
30HHughes
50%
60KKelly
50%
61SSimpson
50%
119AAli
49%
81GGraham
49%
91HHunter
49%
408MMann
49%
96MMason
49%
209PPotter
49%
356QQuinn
49%
175BByrne
48%
50CCook
48%
186CCooke
48%
76EEllis
48%
120HHart
47%
97KKnight
47%
142LLawrence
47%
188RRead
47%
233RReed
47%
83RReid
47%
123RRyan
47%
133SStone
47%
226DDunn
46%
69RRose
46%
41TTurner
46%
189WWallace
46%
103DDean
45%
192FFrancis
45%
29MMorgan
45%
299RRowe
45%
136BBarker
44%
130DDawson
44%
127JJohnston
44%
168JJordan
44%
98KKennedy
44%
159MMarsh
44%
235NNicholls
44%
416SSanders
44%
73SShaw
44%
392WWalters
44%
64BBennett
43%
247CCameron
43%
47CCampbell
43%
336DDennis
43%
348DDonaldson
43%
138FFisher
43%
116GGordon
43%
169HHenderson
43%
87HHolmes
43%
45PPatel
43%
174PPorter
43%
145WWells
43%
158WWillis
43%
281AAtkins
42%
110BBarnes
42%
373BBenson
42%
143BBradley
42%
163BBurns
42%
372DDickson
42%
114DDixon
42%
364DDouglas
42%
214FField
42%
67FFox
42%
170HHoward
42%
255JJacobs
42%
55MMurphy
42%
342PPaterson
42%
241PPatterson
42%
51BBailey
41%
326BBlake
41%
151DDay
41%
156FFletcher
41%
371KKerr
41%
84MMurray
41%
387NNelson
41%
381RReilly
41%
173RRiley
41%
94RRoss
41%
379SSingh
41%
40WWard
41%
122BBrooks
40%
182EElliott
40%
104FFoster
40%
126HHamilton
40%
229LLong
40%
62MMarshall
40%
108MMills
40%
334OOwens
40%
178PPerry
40%
401AAbbott
39%
205AArnold
39%
423BBlair
39%
172BBurton
39%
65CCox
39%
223GGregory
39%
118HHarper
39%
144JJenkins
39%
150LLawson
39%
162LLowe
39%
265NNorman
39%
238OO'brien
39%
290OO'connor
39%
56PPrice
39%
131AArmstrong
38%
149AAtkinson
38%
109BBerry
38%
488GGibbs
38%
129GGill
38%
500JJoseph
38%
458SSpence
38%
90WWalsh
38%
337WWilkins
38%
259FFrench
37%
468GGardiner
37%
132GGardner
37%
105HHarvey
37%
228LLucas
37%
74RReynolds
37%
187AAustin
36%
464BBush
36%
99BButler
36%
466CCraig
36%
212KKent
36%
117LLane
36%
417MMohamed
36%
264NNewton
36%
218OO'neill
36%
86PPalmer
36%
102PPearce
36%
78RRussell
36%
272SSimmons
36%
140WWatts
36%
324BBarton
35%
234CColeman
35%
107GGibson
35%
191HHayes
35%
167NNewman
35%
147SSpencer
35%
344VVincent
35%
211WWarren
35%
310YYates
35%
298BBanks
34%
199BBates
34%
80KKhan
34%
75LLloyd
34%
85PPowell
34%
100SSaunders
34%
141WWebb
34%
79WWilkinson
34%
407DDale
33%
215FFreeman
33%
106HHudson
33%
470LLaing
33%
293LLove
33%
220PPayne
33%
153RRees
33%
480WWinter
33%
236BBull
32%
262GGilbert
32%
428LLittle
32%
315MMiles
32%
165NNicholson
32%
303SSanderson
32%
358BBarnett
31%
171BBarrett
31%
270BBishop
31%
243BBryant
31%
185DDuncan
31%
292FForrest
31%
111PPearson
31%
462WWelsh
31%
160AAhmed
30%
257AAshton
30%
316BBrady
30%
70CChapman
30%
246FFerguson
30%
327FFuller
30%
251HHardy
30%
196HHolland
30%
245MMackenzie
30%
331MMorton
30%
309SSullivan
30%
179BBaxter
29%
224BBond
29%
183BBurke
29%
314CCarpenter
29%
239CCurtis
29%
161DDoyle
29%
361FFowler
29%
340GGriffin
29%
406PPerkins
29%
242TTucker
29%
370WWatkins
29%
210FFlynn
28%
59GGriffiths
28%
313HHammond
28%
397HHooper
28%
164HHopkins
28%
304JJeffery
28%
393JJennings
28%
204PPage
28%
256PParsons
28%
384PPower
28%
254RRice
28%
195SSharp
28%
440SSummers
28%
261WWalton
28%
454WWeston
28%
495WWills
28%
485BBest
27%
240BBird
27%
398CCarroll
27%
146CChambers
27%
154FFraser
27%
281GGarcia
27%
190HHawkins
27%
477HHills
27%
388HHilton
27%
366HHowell
27%
248LLopez
27%
285MMaxwell
27%
197MMoss
27%
443OOsborne
27%
258RRobson
27%
399SSilva
27%
437VVaughan
27%
225WWebster
27%
419BBaldwin
26%
113BBooth
26%
289CCrawford
26%
231CCross
26%
478EEnglish
26%
467FFitzgerald
26%
184GGallagher
26%
322HHope
26%
279KKirk
26%
181MMccarthy
26%
317PPreston
26%
359RRandall
26%
382TThorne
26%
415BBarlow
25%
476BBright
25%
301GGarner
25%
451HHicks
25%
266HHiggins
25%
269KKay
25%
463KKaye
25%
386LLord
25%
354SSteele
25%
436WWelch
25%
352WWheeler
25%
355BBentley
24%
250BBolton
24%
346BBowen
24%
295CConnolly
24%
139CCunningham
24%
474DDrew
24%
275FFrost
24%
410HHaines
24%
297HHarding
24%
249HHaynes
24%
252HHeath
24%
365HHolt
24%
230JJarvis
24%
148PPoole
24%
497SSawyer
24%
380TTait
24%
286TTodd
24%
425WWeaver
24%
405BBoyd
23%
343CCharlton
23%
325FFinch
23%
357HHartley
23%
203KKemp
23%
244LLynch
23%
390MMcgregor
23%
166PParry
23%
217RRhodes
23%
465RRooney
23%
426SShepherd
23%
296SSheppard
23%
438BBradshaw
22%
441BBriggs
22%
434FFleming
22%
378HHolden
22%
273HHutchinson
22%
320KKnowles
22%
219MMiddleton
22%
294RRowland
22%
193SSutton
22%
421TThornton
22%
383WWyatt
22%
237BBartlett
21%
492BBernard
21%
368CCartwright
21%
444CColes
21%
377DDoherty
21%
227DDonnelly
21%
260FFarrell
21%
448GGiles
21%
450HHerbert
21%
422JJoyce
21%
112KKaur
21%
312MMackay
21%
222PPritchard
21%
433SSwift
21%
445AAkhtar
20%
487AAppleton
20%
475AArmitage
20%
323AAtherton
20%
201BBob
20%
452BBourne
20%
430BBurrows
20%
429CCullen
20%
280FFernandez
20%
351GGibbons
20%
302GGlover
20%
305GGoodwin
20%
278GGreenwood
20%
482HHorne
20%
457HHumphrey
20%
418KKenny
20%
319LLambert
20%
395NNash
20%
277SSlater
20%
353SSmart
20%
449WWhittaker
20%
339WWoodward
20%
496CCarey
19%
350CChristie
19%
338DDuffy
19%
306HHewitt
19%
330HHobbs
19%
300HHumphreys
19%
394LLindsay
19%
263MMcintyre
19%
391MMclean
19%
318MMcleod
19%
499PPiper
19%
206SShah
19%
432SSinclair
19%
216BBegum
18%
435BBuckley
18%
271BBurgess
18%
453FFaulkner
18%
396HHancock
18%
157HHussain
18%
494KKirby
18%
274MMoran
18%
461MMorley
18%
439NNaylor
18%
489RRawlings
18%
360SSweeney
18%
427WWhitehead
18%
473WWilkes
18%
363BBrennan
17%
267HHodgson
17%
176HHoughton
17%
472MMccann
17%
268SSutherland
17%
367BBowden
16%
456BBray
16%
446CCassidy
16%
400CChadwick
16%
335GGough
16%
484LLovell
16%
414SSavage
16%
442SSchofield
16%
276SSharma
16%
491TTurnbull
16%
424WWhitehouse
16%
369BBaird
15%
329CCoates
15%
479DDevlin
15%
374GGoddard
15%
481HHowarth
15%
486KKavanagh
15%
384LLeach
15%
431MMcfarlane
15%
490MMckenna
15%
403MMellor
15%
471PPollard
15%
447RRossi
15%
404SSeymour
15%
493SStanton
15%
284BBeattie
14%
332HHowells
14%
420MMcgrath
14%
459PPartridge
14%
498CCrossley
13%
483SSingleton
13%
469WWhittle
13%
341BBloggs
12%
411WWhelan
12%
376BBroadhurst
11%

Score Distribution

Percentile by Number Answered

Percent of People with Each Score

Your Score History

You have not taken this quiz